| 000 | 00504nam a2200217Ia 4500 | ||
|---|---|---|---|
| 008 | 170918s9999 xx 000 0 und d | ||
| 020 | _a9780545289368 | ||
| 050 | _bS859ha 2011 | ||
| 100 | _aStine, R.L. | ||
| 245 | 4 | _aThe five masks of Dr. Screem / | |
| 245 | _cby R.L. Stine. | ||
| 260 | _aNew York : | ||
| 260 | _bScholastic, | ||
| 260 | _c2011 | ||
| 300 | _a173 pages : | ||
| 300 | _billustrations ; | ||
| 300 | _c19cm. | ||
| 300 | _eHall of horrors ; | ||
| 440 | _a3 | ||
| 500 | _a400 | ||
| 999 |
_c343834 _d343834 |
||